<?xml version="1.0" encoding="UTF-8"?><?xml-stylesheet type="text/xsl" href="static/style.xsl"?><OAI-PMH xmlns="http://www.openarchives.org/OAI/2.0/" xmlns:xsi="http://www.w3.org/2001/XMLSchema-instance" xsi:schemaLocation="http://www.openarchives.org/OAI/2.0/ http://www.openarchives.org/OAI/2.0/OAI-PMH.xsd"><responseDate>2026-04-13T18:07:37Z</responseDate><request verb="GetRecord" identifier="oai:www.recercat.cat:2445/171535" metadataPrefix="marc">https://recercat.cat/oai/request</request><GetRecord><record><header><identifier>oai:recercat.cat:2445/171535</identifier><datestamp>2025-12-04T21:01:32Z</datestamp><setSpec>com_2072_1057</setSpec><setSpec>col_2072_478796</setSpec><setSpec>col_2072_478917</setSpec></header><metadata><record xmlns="http://www.loc.gov/MARC21/slim" xmlns:dcterms="http://purl.org/dc/terms/" xmlns:xsi="http://www.w3.org/2001/XMLSchema-instance" xmlns:doc="http://www.lyncode.com/xoai" xsi:schemaLocation="http://www.loc.gov/MARC21/slim http://www.loc.gov/standards/marcxml/schema/MARC21slim.xsd">
   <leader>00925njm 22002777a 4500</leader>
   <datafield ind2=" " ind1=" " tag="042">
      <subfield code="a">dc</subfield>
   </datafield>
   <datafield ind2=" " ind1=" " tag="720">
      <subfield code="a">Gamallo Belmonte, Pablo</subfield>
      <subfield code="e">author</subfield>
   </datafield>
   <datafield ind2=" " ind1=" " tag="720">
      <subfield code="a">Zanchet, Alexandre</subfield>
      <subfield code="e">author</subfield>
   </datafield>
   <datafield ind2=" " ind1=" " tag="720">
      <subfield code="a">Aoiz, F. Javier</subfield>
      <subfield code="e">author</subfield>
   </datafield>
   <datafield ind2=" " ind1=" " tag="720">
      <subfield code="a">Petrongolo, Carlo</subfield>
      <subfield code="e">author</subfield>
   </datafield>
   <datafield ind2=" " ind1=" " tag="260">
      <subfield code="c">2020-10-26T14:59:38Z</subfield>
   </datafield>
   <datafield ind2=" " ind1=" " tag="260">
      <subfield code="c">2021-08-14T05:10:18Z</subfield>
   </datafield>
   <datafield ind2=" " ind1=" " tag="260">
      <subfield code="c">2020-08-14</subfield>
   </datafield>
   <datafield ind2=" " ind1=" " tag="260">
      <subfield code="c">2020-10-26T14:59:38Z</subfield>
   </datafield>
   <datafield ind2=" " ind1=" " tag="520">
      <subfield code="a">We present the dynamics of the electronic quenching OH(A2S+) + Kr(1S)-OH(X2P) + Kr(1S), withOH(A2S+) in the ground ro-vibrational state. This study relies on a new non-adiabatic quantum theorythat uses three diabatic electronic statesS+,P0, andP00, coupled by one conical-intersection and nineRenner-Teller matrix elements, all of which are explicitly considered in the equation of the motion. Thetime-dependent mechanism and initial-state-resolved quenching probabilities, integral cross sections,thermal rate constants, and thermally-averaged cross sections are calculatedviathe real wavepacketmethod. The results point out a competition among three non-adiabatic pathways:S+2P0,S+2P00,andP02P00. In particular, the conical-intersection effectsS+-P0are more important than theRenner-Teller couplingsS+-P0,S+-P00, andP0-P00. Therefore,P0is the preferred product channel.The quenching occursviaan indirect insertion mechanism, opening many collision complexes, and theprobabilities thus present many oscillations. Some resonances are still observable in the cross sections,which are in good agreement with previous experimental and quasi-classical findings. We also discussthe validity of more approximate quantum methods.</subfield>
   </datafield>
   <datafield tag="653" ind2=" " ind1=" ">
      <subfield code="a">Teoria quàntica</subfield>
   </datafield>
   <datafield tag="653" ind2=" " ind1=" ">
      <subfield code="a">Equacions de Hamilton-Jacobi</subfield>
   </datafield>
   <datafield tag="653" ind2=" " ind1=" ">
      <subfield code="a">Quantum theory</subfield>
   </datafield>
   <datafield tag="653" ind2=" " ind1=" ">
      <subfield code="a">Hamilton-Jacobi equations</subfield>
   </datafield>
   <datafield ind2="0" ind1="0" tag="245">
      <subfield code="a">Non-adiabatic quantum dynamics of the electronic quenching OH(A(2)sigma(+)) + Kr</subfield>
   </datafield>
</record></metadata></record></GetRecord></OAI-PMH>